[Event "45th Olympiad 2024"]
[Site "Budapest HUN"]
[Date "2024.09.18"]
[Round "7.7"]
[Board "1"]
[White "Vachier-Lagrave, Maxime"]
[Black "Mchedlishvili, Mikheil"]
[Result "1-0"]
[WhiteElo "2731"]
[BlackElo "2574"]
[PlyCount "91"]
[EventDate "2024.09.11"]
[WhiteTeam "France"]
[BlackTeam "Georgia"]
[WhiteTeamCountry "FRA"]
[BlackTeamCountry "GEO"]

1. c4 c6 2. d4 d5 3. Nf3 Nf6 4. e3 Bf5 5. Nc3 e6 6. Nh4 Be4 7. f3 Bg6 8. Bd2 Be7 9. Nxg6 hxg6 10. Qc2 a6 11. O-O-O dxc4 12. Bxc4 b5 13. Be2 Nbd7 14. Kb1 c5 15. d5 exd5 16. Bc1 Nb6 17. g4 b4 18. Nxd5 $146 ({RR} 18. Na4 Nfd7 19. f4 Qc7 20. Bf3 Qc6 21. Nxb6 Nxb6 22. e4 d4 23. Rxd4 Rc8 24. Rdd1 c4 25. f5 Rh3 26. Qg2 c3 27. Ka1 Bf6 28. e5 Qxf3 29. Qxf3 Rxf3 30. exf6 gxf6 31. bxc3 bxc3 32. Rhe1+ Kf8 {½-½ Lee,A (2384)-Mungunzul,B (2224) Olympiad Women 2024 (5.4)}) 18... Nfxd5 19. e4 Nc3+ 20. bxc3 Qc8 21. cxb4 O-O 22. Be3 Qb7 23. Bxc5 Bxc5 24. bxc5 Nd5+ 25. Ka1 Ne3 26. Qb1 Qc7 27. Rc1 Rfd8 28. Qb3 Qf4 29. Qc3 Rac8 30. Bd1 Rc7 31. Bb3 Rdc8 32. Qd4 Qxf3 33. Rhe1 Ng2 34. Rf1 Qe3 35. Rcd1 g5 36. Rxf7 Qxd4+ 37. Rxd4 Rxf7 38. Rd7 Rxc5 39. Rxf7 Kh7 40. Kb2 Ne3 41. h3 a5 42. Rf3 Nc4+ 43. Kc3 Nb6+ 44. Kd4 Rb5 45. e5 a4 46. Be6 1-0

[Event "45th Olympiad 2024"]
[Site "Budapest HUN"]
[Date "2024.09.18"]
[Round "7.7"]
[Board "2"]
[White "Paichadze, Luka"]
[Black "Bacrot, Etienne"]
[Result "1-0"]
[WhiteElo "2516"]
[BlackElo "2665"]
[PlyCount "131"]
[EventDate "2024.09.11"]
[WhiteTeam "Georgia"]
[BlackTeam "France"]
[WhiteTeamCountry "GEO"]
[BlackTeamCountry "FRA"]

1. e4 c5 2. c3 d5 3. exd5 Qxd5 4. d4 Nf6 5. Nf3 e6 6. Na3 a6 7. Nc4 Nbd7 8. Be2 b5 9. Ne3 Qc6 10. a4 Bb7 11. axb5 axb5 12. Rxa8+ Bxa8 13. O-O Be7 14. dxc5 Qxc5 15. Bd2 $146 ({RR} 15. Nc2 Nd5 16. Ncd4 b4 17. c4 N5b6 18. b3 O-O 19. Be3 Qd6 20. Qc1 Nc5 21. Rd1 Qc7 22. Bf4 Qb7 23. Ne1 Bf6 24. Bf3 Qc8 25. Bxa8 Nxa8 26. Nef3 Rd8 27. Qe3 Nb6 28. Re1 h6 29. Be5 Nbd7 {1-0 Baltaci,I (2071)-Kaymak,O (1623) TUR-chT 2nd League 2018 (9.4)}) ({RR} 15. Nd4 b4 16. cxb4 Qxb4 17. Bb5 Qd6 18. Re1 g6 19. Nc4 Qd5 20. Ne3 Qd6 21. Nc4 Qd5 22. Ne3 Qd6 {½-½ Gokerkan,C (2490)-Lazavik,D (2578) Abu Dhabi Masters Online 2024 (6)}) ({RR} 15. Nc2 O-O 16. Be3 Qc7 17. Nfd4 Rd8 18. Bf3 Bxf3 19. Qxf3 Ne5 20. Qg3 Rb8 21. Nb4 Bxb4 22. cxb4 Nd5 23. Rc1 Nc4 24. Qxc7 Nxc7 25. Bf4 e5 26. Bxe5 Nxe5 27. Rxc7 g6 28. g3 Rd8 29. Nxb5 Rb8 {1-0 Harshad,S (2177)-Allahverdiyeva,A (2198) 2nd Tamil Nadu IM 2023 (9.1)}) ({RR} 15. Nc2 Bxf3 16. Bxf3 Ne5 17. Be2 Nc4 18. b3 Nd6 19. Ba3 Qd5 20. Ne3 Qxd1 21. Rxd1 Nfe4 22. Bb4 Kd7 23. Bxb5+ Kc7 24. Bd3 Nf6 25. Nc4 Nxc4 26. Bxe7 Nb2 27. Rd2 Nxd3 28. Rxd3 Nd5 29. Bg5 h6 {1-0 Privara,I (2161)-Gzib,D (2026) SVK-chT1W 1920 2019 (10.7)}) 15... O-O 16. b4 Qb6 17. Nd4 Bxb4 18. Nxe6 Qxe6 19. cxb4 Ne5 20. Bc3 Nc4 21. Bxc4 bxc4 22. Qd4 Qe4 23. Ra1 Qxd4 24. Bxd4 Nd5 25. Nxc4 Nxb4 26. Bc5 Nc2 27. Ra2 Re8 28. f3 Ne1 29. Ra3 Bd5 30. Ne3 Nxf3+ 31. gxf3 Bxf3 32. Nf5 Bg4 33. Nd6 Rd8 34. Bb6 Rb8 35. Bc7 Rf8 36. Kf2 Be6 37. Ke3 h6 38. Kd4 g5 39. Ke5 Kg7 40. Ra6 Kg6 41. Nxf7 Rxf7 42. Rxe6+ Kh5 43. Bd6 Rf2 44. Kd5 Rd2+ 45. Kc6 Rd3 46. Rf6 Rh3 47. Kd5 Kg4 48. Ke4 h5 49. Rf1 h4 50. Rg1+ Kh5 51. Rb1 Rc3 52. Rg1 Rh3 53. Be5 Ra3 54. Rg2 Rb3 55. Bd6 Rb5 56. Be5 Rb3 57. Bf6 Rb5 58. Bd4 Rb4 59. h3 Ra4 60. Rg4 Kg6 61. Kf3 Ra5 62. Re4 Kf5 63. Re8 Ra2 64. Re5+ Kg6 65. Be3 Rh2 66. Rxg5+ 1-0

[Event "45th Olympiad 2024"]
[Site "Budapest HUN"]
[Date "2024.09.18"]
[Round "7.7"]
[Board "3"]
[White "Maurizzi, Marc'Andria"]
[Black "Jobava, Baadur"]
[Result "1/2-1/2"]
[WhiteElo "2595"]
[BlackElo "2582"]
[PlyCount "139"]
[EventDate "2024.09.11"]
[WhiteTeam "France"]
[BlackTeam "Georgia"]
[WhiteTeamCountry "FRA"]
[BlackTeamCountry "GEO"]

1. Nf3 Nf6 2. c4 c6 3. Nc3 d5 4. e3 g6 5. d4 Bg7 6. Be2 O-O 7. O-O Nbd7 8. cxd5 Nxd5 9. Nxd5 cxd5 10. Bd2 e5 11. dxe5 Nxe5 12. Nd4 Nc4 $146 ({RR} 12... Nc6 13. Bc3 Qb6 14. Nb5 a6 15. Nd4 Nxd4 16. Bxd4 Bxd4 17. Qxd4 Qxd4 18. exd4 Be6 19. Rfc1 Rfc8 20. Kf1 Kf8 21. Ke1 Ke7 22. Kd2 Kd6 23. Ke3 Rxc1 24. Rxc1 Rc8 25. Rxc8 Bxc8 26. h4 h6 27. g4 {½-½ Alekhine,A-Maroczy,G Dresden Olympia Trainingsturnier 1936 (5)}) ({RR} 12... a6 13. Rc1 Be6 14. Qb3 Qd7 15. Rfd1 Rfc8 16. Rxc8+ Rxc8 17. Bc3 Qe7 18. Nxe6 fxe6 19. f4 Nc4 20. Bxg7 Qxg7 21. Bxc4 Rxc4 22. Qb6 Qe7 23. a3 Rc2 24. h3 Rc6 25. Qd4 Qg7 26. Qxg7+ Kxg7 27. Rd2 {½-½ Paluch,L (1988)-Tropp,L (1924) SVK-chT2D 0910 2009 (9.5)}) ({RR} 12... Bd7 13. Bc3 Re8 14. Rc1 Nc6 15. Nf3 Be6 16. Bxg7 Kxg7 17. Nd4 Bd7 18. Qd2 Kg8 19. Bf3 Re5 20. Rc5 Ne7 21. Rfc1 Bc6 22. b4 a6 23. Qc3 Qd6 24. Qb3 Rd8 25. a4 Be8 26. g3 h5 27. h4 {½-½ Korpas,L (2165)-Nielsen,T Nyiregyhaza op 1999 (1)}) 13. Bc3 Bd7 14. Qb3 b5 15. Nf3 Bxc3 16. Qxc3 Qe7 17. Rac1 Rfc8 18. b3 Nd6 19. Qa5 Bg4 20. Qb4 Bxf3 21. Bxf3 Qe5 22. Rcd1 Ne4 23. Rxd5 Qxd5 24. Bxe4 a5 25. Bxd5 axb4 26. Bxa8 Rxa8 27. Ra1 h5 28. h4 Kf8 29. Rd1 Rxa2 30. Rd4 Ke7 31. Rxb4 Ra5 32. Kh2 Kd6 33. Kg3 Kc6 34. Rf4 Ra7 35. Rd4 Ra3 36. b4 Ra2 37. e4 f6 38. Rd8 Rb2 39. Rf8 Rxb4 40. Rxf6+ Kc5 41. f3 Rd4 42. Rxg6 b4 43. Ra6 b3 44. Ra1 b2 45. Rb1 Rd2 46. Kf4 Rxg2 47. Ke5 Kc6 48. Ke6 Kc7 49. f4 Rg4 50. Kf5 Rg2 51. Kf6 Rg4 52. f5 Rxe4 53. Rxb2 Rxh4 54. Kg6 Rf4 55. f6 h4 56. f7 Rf1 57. Rb4 h3 58. Rh4 Rg1+ 59. Kh7 Rf1 60. Kg8 Rg1+ 61. Kf8 Rg3 62. Ke7 Re3+ 63. Kf6 Rf3+ 64. Ke6 Re3+ 65. Kf5 Rf3+ 66. Kg6 Rg3+ 67. Kf5 Rf3+ 68. Rf4 Rxf4+ 69. Kxf4 h2 70. f8=Q 1/2-1/2

[Event "45th Olympiad 2024"]
[Site "Budapest HUN"]
[Date "2024.09.18"]
[Round "7.7"]
[Board "4"]
[White "Pantsulaia, Levan"]
[Black "Fressinet, Laurent"]
[Result "1/2-1/2"]
[WhiteElo "2516"]
[BlackElo "2616"]
[PlyCount "70"]
[EventDate "2024.09.11"]
[WhiteTeam "Georgia"]
[BlackTeam "France"]
[WhiteTeamCountry "GEO"]
[BlackTeamCountry "FRA"]

1. Nf3 d5 2. g3 Nf6 3. Bg2 e6 4. O-O c5 5. c4 d4 6. e3 Nc6 7. exd4 cxd4 8. d3 Bd6 9. Bg5 O-O 10. Nbd2 Be7 11. a3 a5 12. Bxf6 Bxf6 13. c5 $146 ({RR} 13. Re1 a4 14. Rc1 Qa5 15. c5 Qb5 16. Qc2 Rd8 17. Ne4 Be7 18. Nfd2 Na5 19. Nc4 Nb3 20. Ncd6 Qa5 21. Rcd1 f5 22. Nd2 Qxc5 23. N6c4 Nxd2 24. Qxd2 Bf6 25. Rc1 Qb5 26. f4 h6 27. Qd1 Ra6 {0-1 Fontaine,Q (2313)-Hovhannisyan,M (2456) Charleroi Experts 2018 (1)}) ({RR} 13. Ne1 Be7 14. f4 e5 15. f5 g6 16. g4 Bg5 17. Ne4 Be3+ 18. Kh1 Bf4 19. f6 g5 20. h4 h6 21. hxg5 hxg5 22. Qe2 Nb8 23. Bf3 Nd7 24. Ng2 Nxf6 25. Nxf4 gxf4 26. g5 Nh7 27. Nf6+ Nxf6 {0-1 Kozhuharov,S (2361)-Willy,S (2046) See Chess IM2 2024 (7.2)}) 13... Be7 14. Rc1 Bd7 15. Re1 Qc7 16. Ne4 Rac8 17. Qb3 Rfd8 18. Qb6 Be8 19. Rc4 Qxb6 20. cxb6 Ra8 21. Nc5 Bxc5 22. Rxc5 Ra6 23. Nd2 Rxb6 24. Nc4 Rb3 25. Rd1 a4 26. Rd2 Kf8 27. Bf3 Nb8 28. Na5 b6 29. Nxb3 bxc5 30. Nxc5 Rc8 31. b4 axb3 32. Nxb3 Rc3 33. Nxd4 Rxa3 34. Rb2 Nd7 35. Rb3 Rxb3 1/2-1/2

[Event "45th Olympiad 2024"]
[Site "Budapest HUN"]
[Date "2024.09.18"]
[Round "7.8"]
[Board "1"]
[White "Theodorou, Nikolas"]
[Black "Caruana, Fabiano"]
[Result "1/2-1/2"]
[WhiteElo "2619"]
[BlackElo "2798"]
[PlyCount "84"]
[EventDate "2024.09.11"]
[WhiteTeam "Greece"]
[BlackTeam "United States of America"]
[WhiteTeamCountry "GRE"]

1. d4 Nf6 2. c4 e6 3. Nf3 d5 4. g3 Bb4+ 5. Bd2 Be7 6. Bg2 O-O 7. O-O c6 8. Qc2 Nbd7 9. Bf4 a5 10. Rd1 a4 11. Nbd2 Nh5 12. Be3 f5 13. Nf1 Bd6 14. b3 $146 ({RR} 14. Bg5 Ndf6 15. c5 Bc7 16. e3 Bd7 17. b4 axb3 18. axb3 Be8 19. Bf4 Nxf4 20. exf4 Bh5 21. Re1 Bxf3 22. Bxf3 Ne4 23. Rxa8 Qxa8 24. Qb2 b6 25. b4 Qb7 26. Qc2 Bd8 27. cxb6 Bf6 28. Rc1 Rc8 {½-½ Cheng,B (2583)-Erigaisi,A (2761) TCh-FRA Top 16 Basse 2024 (2.9)}) ({RR} 14. c5 Bc7 15. b4 f4 16. Bd2 e5 17. dxe5 Nxe5 18. Nxe5 Bxe5 19. Bc3 Qf6 20. Bxe5 Qxe5 21. Rac1 Bg4 22. Re1 Nf6 23. Nd2 Qh5 24. f3 Bf5 25. Qc3 Bh3 26. Nf1 fxg3 27. hxg3 Rae8 28. Qd4 Nd7 {0-1 Guo,A (2207)-Koustav,C (2524) 1000GM Labor Super Swiss 2024 (4.7)}) 14... h6 15. Bd2 Nhf6 16. Bf4 Bxf4 17. gxf4 Ne4 18. Ng3 b5 19. e3 bxc4 20. bxc4 Ba6 21. Bf1 Nd6 22. cxd5 cxd5 23. Bxa6 Rxa6 24. Rab1 Nc4 25. Kh1 Ra8 26. Rg1 Kh7 27. Rb4 Qa5 28. Rb7 Ra7 29. Rxa7 Qxa7 30. Nh4 Rf7 31. e4 fxe4 32. Nxe4 dxe4 33. Qxc4 Nf8 34. Ng2 Rd7 35. Rd1 Ng6 36. Qxe6 Rxd4 37. Re1 Qa5 38. f5 Nf4 39. Nxf4 Qxe1+ 40. Kg2 Qd1 41. Qg6+ Kh8 42. Qe8+ Kh7 1/2-1/2

[Event "45th Olympiad 2024"]
[Site "Budapest HUN"]
[Date "2024.09.18"]
[Round "7.8"]
[Board "2"]
[White "So, Wesley"]
[Black "Kourkoulos-Arditis, Stamatis"]
[Result "1/2-1/2"]
[WhiteElo "2752"]
[BlackElo "2570"]
[PlyCount "119"]
[EventDate "2024.09.11"]
[WhiteTeam "United States of America"]
[BlackTeam "Greece"]
[BlackTeamCountry "GRE"]

1. d4 Nf6 2. c4 g6 3. Nc3 Bg7 4. e4 d6 5. Be2 O-O 6. Be3 e5 7. d5 Na6 8. h4 Nc5 9. Qc2 c6 10. Bxc5 ({RR} 10. h5 cxd5 11. cxd5 Qa5 12. h6 Bh8 13. f3 Bd7 14. Rb1 Na4 15. Qd2 Nxc3 16. bxc3 Qc7 17. g4 Bc8 18. Nh3 Nd7 19. Nf2 Bf6 20. O-O Be7 21. Kh2 Nc5 22. Nd3 b6 23. Nxc5 bxc5 24. f4 exf4 {1-0 Nakamura,H (2736)-Grischuk,A (2764) Berlin FIDE GP 1 Pool-A 2022 (5)}) 10... dxc5 11. h5 cxd5 12. Nxd5 ({RR} 12. h6 Bh8 13. Nxd5 Be6 14. Nf3 Ne8 15. Rd1 Bxd5 16. cxd5 Nd6 17. Nd2 Rc8 18. a4 a6 19. Nc4 Nxc4 20. Qxc4 Qd6 21. Kf1 Bf6 22. a5 Bd8 23. Ra1 Rc7 24. g3 f5 25. exf5 Rcf7 26. Kg2 gxf5 {½-½ Sjugirov,S (2692)-Mihok,O (2528) TCh-HUN 2023-24 (8.1)}) 12... Ne8 $146 ({RR} 12... Be6 13. hxg6 fxg6 14. O-O-O Nxd5 15. cxd5 Bd7 16. Nf3 b5 17. d6 c4 18. Qd2 h6 19. Nxe5 Rxf2 20. Rxh6 Qe8 21. Nxd7 Qxe4 22. Re1 Rd8 23. Nc5 Qf5 24. Nb7 Rd7 25. Rh3 Rxb7 26. Rf3 Rxf3 27. Bxf3 {1-0 Lupulescu,C (2592)-Ciorgovean,I (2319) ch-ROU 2023 Sebes ROU (6.3)}) ({RR} 12... Nxd5 13. cxd5 b6 14. Nf3 Bd7 15. Rd1 b5 16. Qxc5 Qa5+ 17. Kf1 Qxa2 18. Qe7 Bc8 19. h6 Bh8 20. Nxe5 Qxb2 21. Nc6 Qf6 22. e5 Qf5 23. Qd6 f6 24. Ne7+ {1-0 Lupulescu,C (2592)-Stoleriu,G (2389) Final ROM GP KO 2022 (1.1)}) 13. Nf3 Be6 14. O-O-O Bxd5 15. Rxd5 Qc7 16. Nd2 Nf6 17. h6 Bh8 18. Rd3 Rfd8 19. Rxd8+ Rxd8 20. Nb1 Rd4 21. Nc3 a6 22. a3 Ne8 23. Kb1 Bf6 24. Nd5 Qc6 25. Qb3 Kf8 26. Rd1 Rxd1+ 27. Bxd1 Bd8 28. Qg3 Qd6 29. Qh3 Nc7 30. Qc8 Nxd5 31. cxd5 Qc7 32. Bg4 a5 33. Qa8 Ke7 34. Bc8 b5 35. Ba6 c4 36. Bxb5 c3 37. bxc3 Qc5 38. Qc6 Bb6 39. f3 Qxc6 40. Bxc6 Be3 41. Kc2 Bxh6 42. Kb3 Bd2 43. c4 Kd6 44. Be8 f5 45. Bf7 f4 46. Bg8 h5 47. Bf7 h4 48. Bxg6 Be1 49. Ka4 Kc5 50. d6 Kxd6 51. Kb5 Kc7 52. Kc5 Bc3 53. Kd5 Bb2 54. Be8 Bc3 55. Bb5 Bb2 56. c5 Bc3 57. Ke6 Bd4 58. Kf5 Bc3 59. Kg4 Be1 60. Kf5 1/2-1/2

[Event "45th Olympiad 2024"]
[Site "Budapest HUN"]
[Date "2024.09.18"]
[Round "7.8"]
[Board "3"]
[White "Mastrovasilis, Dimitrios"]
[Black "Dominguez Perez, Leinier"]
[Result "0-1"]
[WhiteElo "2550"]
[BlackElo "2748"]
[PlyCount "62"]
[EventDate "2024.09.11"]
[WhiteTeam "Greece"]
[BlackTeam "United States of America"]
[WhiteTeamCountry "GRE"]

1. e4 c5 2. Nf3 d6 3. Bb5+ Nd7 4. d4 cxd4 5. Nxd4 Ngf6 6. O-O a6 7. Bd3 Nc5 8. Nc3 e6 ({RR} 8... g6 9. Nb3 Nxd3 10. cxd3 Bg7 11. a4 O-O 12. f3 Qb6+ 13. d4 Be6 14. Ra3 Rfc8 15. a5 Bxb3 16. Rxb3 Qxa5 17. Rxb7 Rcb8 18. Qb3 Qd8 19. Be3 Qc8 20. Rxb8 Rxb8 21. Qa2 Ne8 22. Ra1 Nc7 23. Qc4 {0-1 Navara,D (2697)-Karjakin,S (2743) Gashimov Memorial Blitz 7th 2021 (2)}) 9. a4 Be7 10. Re1 O-O $146 ({RR} 10... Nxd3 11. cxd3 Bd7 12. Be3 b6 13. f4 O-O 14. Qf3 Rc8 15. Rac1 e5 16. Nc2 exf4 17. Qxf4 b5 18. axb5 axb5 19. Nb4 Be6 20. Bd4 Ng4 21. Ra1 Bf6 22. Bxf6 Nxf6 23. Ra6 Ne8 24. Nxb5 Qd7 25. Nxd6 {1-0 Stijve,T (2324)-Georgiadis,N (2514) 123rd ch-SUI 2024 (8.3)}) 11. Bf1 Qc7 12. a5 b5 13. axb6 Qxb6 14. b4 Ncd7 15. b5 Bb7 16. Be3 Qc7 17. bxa6 Bxa6 18. Bxa6 Qxc3 19. f3 d5 20. exd5 Nxd5 21. Bf2 Bb4 22. Bb5 N7f6 23. Rxa8 Rxa8 24. Qe2 Bc5 25. Qd3 Qb2 26. Bc6 Ra1 27. Rd1 Nb4 28. Qf1 Rxd1 29. Qxd1 Nxc6 30. Nxc6 Bxf2+ 31. Kxf2 Qb6+ 0-1

[Event "45th Olympiad 2024"]
[Site "Budapest HUN"]
[Date "2024.09.18"]
[Round "7.8"]
[Board "4"]
[White "Aronian, Levon"]
[Black "Kelires, Andreas"]
[Result "1-0"]
[WhiteElo "2729"]
[BlackElo "2536"]
[PlyCount "77"]
[EventDate "2024.09.11"]
[WhiteTeam "United States of America"]
[BlackTeam "Greece"]
[BlackTeamCountry "GRE"]

1. e4 c5 2. Nf3 d6 3. Bb5+ Nd7 4. O-O a6 5. Be2 Ngf6 6. d3 g6 7. c4 Bg7 8. Nc3 O-O 9. d4 cxd4 10. Nxd4 Nc5 11. f3 Ne6 $146 ({RR} 11... Bd7 12. Kh1 Rc8 13. Be3 Qa5 14. Nb3 Nxb3 15. axb3 Qb4 16. Bd4 Bc6 17. Ra3 d5 18. Na2 Qd6 19. e5 Qe6 20. exf6 exf6 21. Nc3 dxc4 22. Bxc4 Qf5 23. Qb1 Qh5 24. Ne4 Qf5 25. Nxf6+ {1-0 Paravyan,D (2612)-Globus,O (2426) Titled Tue 27th Feb Early 2024 (11)}) ({RR} 11... Qb6 12. Kh1 Ne6 13. Nc2 Bd7 14. Rb1 Qa5 15. Be3 Rfc8 16. b4 Qd8 17. Nd5 Nxd5 18. exd5 Nf8 19. Bd4 Bxd4 20. Qxd4 a5 21. a3 axb4 22. axb4 Bf5 23. Rb2 Bxc2 24. Rxc2 Nd7 25. g3 Qb6 26. Qd2 {½-½ Karthikeyan,M (2622)-Sethuraman,S (2619) MPL Indian Chess Tour N1 rapid 2022 (11)}) ({RR} 11... Bd7 12. Be3 Rb8 13. Qd2 Ne6 14. Nc2 b5 15. cxb5 axb5 16. Nb4 Qa5 17. a3 Rfc8 18. Rac1 Nc5 19. Rc2 Qd8 20. Ncd5 Nxd5 21. Nxd5 Be6 22. b4 Nb3 23. Rxc8 Rxc8 24. Qd3 Bxd5 25. Qxd5 Rc3 26. Bf2 {0-1 Predke,A (2651)-Giri,A (2772) AimChess Rapid Play-In 2023 (6.37)}) 12. Nc2 g5 13. Rf2 Nf4 14. Bf1 h6 15. Be3 Be6 16. Nd4 Ng6 17. Qb3 Bd7 18. Nf5 Bxf5 19. exf5 Nh4 20. Bd3 e6 21. fxe6 fxe6 22. Qxb7 Rf7 23. Qb3 Nd7 24. Rd1 Qa5 25. Qc2 Ne5 26. Re2 Rc8 27. Bf2 d5 28. cxd5 exd5 29. Bh7+ Kh8 30. Rxd5 Nexf3+ 31. gxf3 Nxf3+ 32. Kh1 Qc7 33. Bg3 Qb6 34. Rf2 Qe3 35. Bd3 Re8 36. Qe2 Qc1+ 37. Rf1 Rxe2 38. Rxc1 Rxb2 39. Rd8+ 1-0

[Event "45th Olympiad 2024"]
[Site "Budapest HUN"]
[Date "2024.09.18"]
[Round "7.9"]
[Board "1"]
[White "Dragnev, Valentin"]
[Black "Carlsen, Magnus"]
[Result "0-1"]
[WhiteElo "2556"]
[BlackElo "2832"]
[PlyCount "80"]
[EventDate "2024.09.11"]
[WhiteTeam "Austria"]
[BlackTeam "Norway"]
[WhiteTeamCountry "AUT"]
[BlackTeamCountry "NOR"]

1. e4 d6 2. d4 Nf6 3. Nc3 e5 4. Nf3 Nbd7 5. Bc4 Be7 6. O-O O-O 7. a4 c6 8. h3 h6 9. Be3 Re8 10. a5 ({RR} 10. Ba2 exd4 11. Bxd4 Nf8 12. Re1 Be6 13. Qb1 Qa5 14. Be3 Qh5 15. Nd4 Bxa2 16. Qxa2 Bd8 17. Nf5 Bc7 18. Bd4 N8h7 19. Qb3 d5 20. Qxb7 Bf4 21. Qxc6 dxe4 22. Ne7+ Kh8 23. Ned5 Rac8 24. Nxf4 Qf5 {1-0 Demchenko,A (2641)-Ivanisevic,I (2604) PNWCC Online blitz JP 8th 2020 (9)}) 10... exd4 11. Qxd4 Bf8 $146 ({RR} 11... Nc5 12. e5 dxe5 13. Qxd8 Rxd8 14. Bxc5 Bxc5 15. Nxe5 Rf8 16. Rfd1 Bf5 17. Bb3 Rac8 18. Ra4 Rc7 19. Rf4 Bh7 20. Ng4 Nxg4 21. hxg4 Re8 22. Na4 Bf8 23. Rfd4 Bg6 24. Rd7 Rec8 25. f4 Be4 26. Bxf7+ {1-0 Otero Marino,A (2280)-Yedidia,J (2361) Titled Tue 25th Jun Early 2024 (2)}) 12. Rfe1 Qc7 13. Bf4 Ne5 14. Be2 Bd7 15. Bg3 a6 16. Bh4 Re6 17. Nxe5 Rxe5 18. b4 Rae8 19. Bg3 c5 20. Qd1 cxb4 21. Bxe5 dxe5 22. Nd5 Nxd5 23. exd5 e4 24. Bg4 f5 25. Bh5 Rc8 26. d6 Qc5 27. c3 bxc3 28. Qb3+ Qc4 29. Qxb7 Qe6 30. Qxa6 Bxd6 31. Qa7 c2 32. a6 Bf4 33. Qb7 Rb8 34. Qa7 Qd6 35. Be2 Be6 36. Bf1 Kh7 37. Rec1 Bxc1 38. Rxc1 Rb1 39. Qe3 Qd1 40. a7 Qxc1 0-1

[Event "45th Olympiad 2024"]
[Site "Budapest HUN"]
[Date "2024.09.18"]
[Round "7.9"]
[Board "2"]
[White "Christiansen, Johan-Sebastian"]
[Black "Horvath, Dominik"]
[Result "1-0"]
[WhiteElo "2661"]
[BlackElo "2559"]
[PlyCount "62"]
[EventDate "2024.09.11"]
[WhiteTeam "Norway"]
[BlackTeam "Austria"]
[WhiteTeamCountry "NOR"]
[BlackTeamCountry "AUT"]

1. e4 e5 2. d4 exd4 3. Qxd4 Nc6 4. Qc4 Nf6 5. Nc3 Bb4 6. Bd2 O-O 7. O-O-O Re8 8. f3 a5 9. g4 ({RR} 9. Nge2 Ne5 10. Qb3 d6 11. Nf4 c6 12. Be3 Qc7 13. a3 Bc5 14. Bxc5 dxc5 15. Na4 Ned7 16. Qe3 b5 17. Nc3 b4 18. Na4 bxa3 19. bxa3 Rb8 20. Bc4 Ne5 21. Ba2 c4 22. Ne2 h6 23. Nec3 Be6 {0-1 Firouzja,A (2760)-Duda,J (2731) Titled Tue 30th Apr Late 2024 (6)}) ({RR} 9. Be1 b6 10. Nge2 Ba6 11. Qb3 Bc5 12. Na4 Bf8 13. Nec3 Bxf1 14. Rxf1 Qe7 15. g4 h5 16. h3 Qb4 17. Bg3 d6 18. g5 Nd7 19. Qd5 Nce5 20. a3 c6 21. Qd2 Qc4 22. f4 Ng6 23. b3 Qa6 {0-1 Prydun,A (2162)-Gomez Barrera,J (2209) Titled Tue 18th Jun Late 2024 (8)}) 9... d6 10. Qe2 Be6 11. Kb1 d5 $146 ({RR} 11... Ne5 12. Qg2 c6 13. g5 Nfd7 14. f4 Bxc3 15. Bxc3 Nc4 16. Qg3 Nc5 17. Bd3 Na4 18. Bf6 Qb6 19. b3 Na3+ 20. Kc1 Nc5 21. f5 Bd7 22. Bb2 Nb5 23. Bxb5 cxb5 24. Rxd6 Qd8 25. g6 f6 26. Rxf6 {1-0 Abrahamyan,T (2291)-Sarquis,M (2072) Olympiad Women-44 2022 (7.4)}) 12. g5 Nd7 13. Qf2 Nb6 14. Nge2 dxe4 15. Bc1 Qe7 16. Nxe4 Rad8 17. Rxd8 Qxd8 18. Nf4 Bf5 19. Bd3 Qd7 20. Nh5 Nd5 21. Nhg3 Bg6 22. h4 Ne5 23. Be2 Bxe4 24. fxe4 Ne7 25. h5 Nc8 26. Bf4 Bf8 27. g6 Nd6 28. Rf1 f6 29. gxh7+ Kxh7 30. Bc1 Qe6 31. Qg2 b5 1-0

[Event "45th Olympiad 2024"]
[Site "Budapest HUN"]
[Date "2024.09.18"]
[Round "7.9"]
[Board "3"]
[White "Blohberger, Felix"]
[Black "Amar, Elham"]
[Result "1-0"]
[WhiteElo "2520"]
[BlackElo "2539"]
[PlyCount "141"]
[EventDate "2024.09.11"]
[WhiteTeam "Austria"]
[BlackTeam "Norway"]
[WhiteTeamCountry "AUT"]
[BlackTeamCountry "NOR"]

1. d4 {Mikhalchishin,Adrian} Nf6 2. c4 e6 3. g3 c5 4. Nf3 cxd4 5. Nxd4 d5 6. Bg2 e5 7. Nf3 d4 8. O-O Nc6 9. e3 Be7 ({RR} 9... Bc5) 10. exd4 exd4 11. Bf4 O-O ({RR} 11... Be6 12. Ne5 ({RR} 12. Nbd2 O-O 13. Re1 Re8 14. a3 a5 15. Ne5 Ra6 16. Nb3 Nxe5 17. Bxe5 Bxc4 18. Nxd4 Bd5 19. Nf5 Bf8 20. Bxd5 Nxd5 ({RR} 20... Qxd5 21. Qxd5 Nxd5 22. Rad1) 21. Qd4 Rae6 22. Rad1 Qg5) 12... Rc8 13. Nxc6 bxc6 14. Be5 d3 15. Nd2 O-O 16. Bc3 Qb6 17. Ne4 ({RR} 17. Rb1 Bb4 18. Bxf6 gxf6 19. a3 Bxd2 20. Qxd2 Rfd8) 17... Nxe4 18. Bxe4 Rfd8 19. Qh5 h6 20. Rad1 Bb4) 12. Ne5 Qb6 ({RR} 12... Nxe5 13. Bxe5 Bc5 14. Nd2 Re8 ({RR} 14... Ng4 15. Bf4 g5 16. Nb3 gxf4 17. Nxc5 fxg3 18. hxg3) 15. Bxf6 Qxf6 16. Nb3 Qb6 17. Qd3 Rb8 ({RR} 17... Bg4 18. Rfe1 Rxe1+ 19. Rxe1 Rb8 20. Re5) 18. Rfe1 Be6 19. Re5 Be7 20. Rc1) 13. Re1 ({RR} 13. Qb3 Na5 14. Qxb6 axb6 15. Nd2 Nh5 16. Nb3 Bf6 17. Nxa5 Nxf4 18. gxf4 Rxa5 19. Bd5 ({RR} 19. Rfe1) 19... Be6 20. Bxe6 Bxe5 21. Bd5 Bxf4 22. Rfd1) ({RR} 13. Qb3 Na5 14. Qxb6 axb6 15. Nd2 Nh5 16. Nb3 Bf6 17. Nxa5 Rxa5 18. Nd3 Bf5 19. Rfd1 Nxf4 20. gxf4 Rc8 21. b3 Rc7 22. a4 g6 23. Nb4 Kg7 24. Nd5 Rxd5 25. Bxd5 Bc2 26. Rd2 d3 27. Rc1 Bxb3 {½-½ Laznicka,V (2676)-Andreikin,D (2720) EU-Cup 31st Skopje 2015 (4.4)}) 13... Be6 14. Nd2 Rac8 15. Nd3 $146 ({RR} 15. Qb3 Nh5 16. Nxc6 ({RR} 16. Nd3 Nb4 ({RR} 16... Nxf4 17. Nxf4 Bb4 18. Nxe6 fxe6 19. Qd3) ({RR} 16... Qxb3 17. Nxb3 ({RR} 17. axb3 Nb4 18. Nxb4 Bxb4) 17... Nb4 18. Nxb4 Bxb4) 17. Be5 Rfd8 18. Bf3 Nf6 19. Bxf6 gxf6 20. Nf4 d3 21. Nxe6 fxe6 22. c5 Qxc5 23. Qxe6+ Kf8 24. Bh5) 16... bxc6 17. Be5 Qa5 ({RR} 17... Rfd8 18. Rad1 Bf6 19. Qxb6 axb6 20. Nb3 Bxe5 21. Rxe5 c5 22. Nd2 Nf6 23. b3 h6 24. h3 Kf8 25. f4 Nd7 26. Ree1 Nb8 27. g4 Bd7 28. Nf3 Nc6 29. Ne5 Nxe5 30. Rxe5 f6) 18. Qd1 g6 ({RR} 18... Nf6 19. Nb3 Qa6 20. Nxd4 Bxc4 21. Nf5) 19. Nb3 Qa6 20. Nxd4 Rfd8 ({RR} 20... Bc5 21. Nxe6 fxe6 22. Re2 Qxc4 23. Rc1 Rcd8 24. Qe1 Qb5 25. Rec2) 21. Qf3 Rxd4 ({RR} 21... Bd7 22. g4) 22. Bxd4 c5 23. Bc3 Qxc4 24. Qb7 Bd6 25. Rad1 {1-0 Kantor,G (2514)-Tin,J (2404) Wch U20 56th 2017 (8)}) ({RR} 15. a3 a5 16. Qb3 Qa6 17. Rac1 a4 18. Qb5 Qxb5 19. cxb5 Na5 20. Ndf3 Nb3 21. Rxc8 Bxc8 22. Bf1 Nd5 23. Bc4 Rd8 24. Nc6 bxc6 25. Bxd5 Rxd5 26. Rxe7 Kf8 27. Rc7 Bg4 28. Ne5 Rxe5 29. Bxe5 cxb5 {1-0 Smirnov,P (2530)-Poghosyan,S (2266) ch-Moscow Open Superfinal 2024 (3.9)}) ({RR} 15. a3 a5 16. Qb3 Qa7 17. Qb5 Bd6 18. Nd7 Bxf4 19. Nxf6+ gxf6 20. gxf4 f5 21. Ne4 Qb8 22. Nc5 Qxf4 23. Rxe6 fxe6 24. Nxe6 Qb8 25. Nxf8 Rxf8 26. Rd1 Kh8 27. Bxc6 bxc6 28. Qxb8 Rxb8 29. Rxd4 Rxb2 {½-½ Jogstad,M (2305)-Repka,C (2523) Wch U20 57th 2018 (5)}) ({RR} 15. Rb1 Bb4 16. a3 Nxe5 17. Bxe5 Bg4 18. Qc1 Bxd2 19. Qxd2 Rfd8 20. Rbc1 d3 21. b4 Rd7 22. c5 Qa6 23. h3 Be6 24. Rc3 Rcd8 25. g4 Bc4 26. Rec1 Bb5 27. c6 Bxc6 28. Bxc6 bxc6 29. Bxf6 gxf6 {1-0 Mammadzada,G (2427)-Mkrtchian,L (2402) EU-chT (Women) 22nd 2019 (9.1)}) 15... Nb4 16. Nxb4 Bxb4 17. b3 Bg4 18. Bf3 Bxf3 19. Qxf3 Rfe8 20. Rad1 h6 21. Re5 Qc6 22. h4 Nd7 23. Qxc6 bxc6 24. Rxe8+ Rxe8 25. Kf1 Nf8 26. Nf3 Ne6 27. Ne5 c5 28. Nd3 a5 29. Bc1 Bc3 30. Ba3 Rc8 31. h5 Kf8 32. f4 g6 33. hxg6 fxg6 34. g4 Kg7 35. Kg2 Bb4 36. Bc1 Bc3 37. Kf3 Kf6 38. Rh1 Kg7 39. Ke4 Nf8 40. Ne5 Nh7 41. g5 hxg5 42. fxg5 Nf8 43. Rh3 a4 44. Rf3 axb3 45. axb3 Rb8 46. Rf7+ Kg8 47. Re7 Rxb3 48. Nd3 Rb8 49. Kd5 Rc8 50. Bf4 Nh7 51. Kd6 Ba5 52. Kd7 Rf8 53. Re8 Rxe8 54. Kxe8 Bb4 55. Ke7 Ba3 56. Nf2 Bb2 57. Nd3 Ba3 58. Bd2 Kg7 59. Kd6 Nf8 60. Nxc5 Kf7 61. Kd5 Bxc5 62. Kxc5 Ke6 63. Kxd4 Kd7 64. Kd5 Nh7 65. Bf4 Nf8 66. c5 Nh7 67. c6+ Kc8 68. Kd6 Kd8 69. Be5 Kc8 70. Bf6 Nf8 71. Be7 1-0